| 000 | 00669nam a2200217Ia 4500 | ||
|---|---|---|---|
| 005 | 20250508165327.0 | ||
| 008 | 008 250505s9999 xx 000 0 hin d | ||
| 020 | _a978-81-267-1556-5 | ||
| 037 | _aTextual | ||
| 040 |
_aFEDL _beng _cFEDL |
||
| 041 |
_ahin _2eng |
||
| 084 |
_a370.19, PAN _qFEDL |
||
| 100 |
_aPandey Kedar Natth _9780280 |
||
| 245 | 0 | _aShiksha ke samajik sarokar | |
| 260 |
_aNew Delhi, India _bRajkamal Prakashan Pvt. Ltd. _c2008 |
||
| 300 | _a132p. | ||
| 365 |
_aINR _b200 |
||
| 546 | _aEdition of these books are same but the price of Acc. No. 088117 is Rs. 150/- | ||
| 942 |
_cTEXL _h370.19, PAN |
||
| 999 |
_c1394478 _d1394478 |
||